000 00380nam a2200109Ia 4500
008 171211s9999 xx 000 0 und d
245 _aDeveloping Web Apps With Haskell And Yesod: Safety-driven Web Development, 2 Edition
245 _cMichael Snoyman
260 _c2015
650 _xWeb Development
856 _uhttp://down.ebook777.com/017/DevWebAppWitHasAndYesSafWebDev2Edi.pdf
999 _c350043
_d350043